MARC

LEADER 00000nam0a2200000 4500
001 136740
005 20231101220635.0
010 |a 5292013919 
020 |a RU  |b 91-37028 
035 |a (RuTPU)RU\TPU\book\148203 
090 |a 136740 
100 |a 20080426d1991 m a0rusy5003 ca 
101 0 |a rus 
102 |a RU 
105 |a a z 001zy 
200 1 |a Устойчивость вязкоупругих систем  |f П. А. Вельмисов, А. Д. Дроздов, В. Б. Колмановский 
210 |a Саратов  |c Изд-во Сарат. ун-та  |d 1991 
215 |a 179 с.  |c ил. 
320 |a Библиогр.: с. 169-176. 
606 1 |a Упругие системы  |x Устойчивость  |2 stltpush  |3 (RuTPU)RU\TPU\subj\63137  |9 80181 
610 1 |a физика 
610 1 |a упругость 
675 |a 539.3  |v 3 
700 1 |a Вельмисов  |b П. А.  |g Петр Александрович 
701 1 |a Дроздов  |b А. Д.  |g Алексей Дмитриевич 
701 1 |a Колмановский  |b В. Б.  |g Владимир Борисович 
702 1 |a Дроздов  |b Алексей Дмитриевич 
702 1 |a Носов  |b В. Р. 
801 0 |a RU  |b RuMRKP  |c 19950417  |g psbo 
801 1 |a RU  |b 63413507  |c 20080426  |g PSBO 
801 2 |a RU  |b 63413507  |c 20171024  |g PSBO 
942 |c BK